Central Library OPAC University of Rajshahi

Britain and Muslim India : (Record no. 26910)

MARC details
000 -LEADER
fixed length control field 00886nam a22002651 4500
001 - CONTROL NUMBER
control field 26910
003 - CONTROL NUMBER IDENTIFIER
rucl marc code BD-RjUL
005 - DATE AND TIME OF LATEST TRANSACTION
control field 20211209051103.0
008 - FIXED-LENGTH DATA ELEMENTS--GENERAL INFORMATION
fixed length control field 140324s1963 enk b 001 0 eng
035 ## - SYSTEM CONTROL NUMBER
System control number (BD-RjUL)26981
System control number (OCoLC)411757
040 ## - CATALOGING SOURCE
Original cataloging agency DLC
Transcribing agency ODaWU
Modifying agency OCoLC
-- DLC
-- BD-RjUL
Language of cataloging eng
041 ## - LANGUAGE CODE
Language code of text/sound track or separate title eng
082 ## - DEWEY DECIMAL CLASSIFICATION NUMBER
Classification number 954.7
Author mark and year AZB 1963
100 1# - MAIN ENTRY--PERSONAL NAME
Personal name Aziz, Khursheed Kamal.
9 (RLIN) 2361
245 10 - TITLE STATEMENT
Title Britain and Muslim India :
Remainder of title a study of British public opinion vis-a-Μ€vis the development of Muslim nationalism in India, 1857-1947 /
Statement of responsibility, etc. Khursheed Kamal Aziz.
260 ## - PUBLICATION, DISTRIBUTION, ETC. (IMPRINT)
Place of publication, distribution, etc. London :
Name of publisher, distributor, etc. Heinemann,
Date of publication, distribution, etc. c1963.
300 ## - PHYSICAL DESCRIPTION
Pagination ix, 278 p. ;
Size 23 cm.
504 ## - BIBLIOGRAPHY, ETC. NOTE
Bibliography, etc Bibliography: p. 255-263. and index.
650 #0 - SUBJECT ADDED ENTRY--TOPICAL TERM
Topical term or geographic name as entry element Muslims
Geographic subdivision India.
9 (RLIN) 82714
651 #0 - SUBJECT ADDED ENTRY--GEOGRAPHIC NAME
Geographic name India
General subdivision History
Chronological subdivision British occupation, 1765-1947.
9 (RLIN) 82715
Geographic name Pakistan.
9 (RLIN) 82716
942 ## - ADDED ENTRY ELEMENTS (KOHA)
Source of classification or shelving scheme Dewey Decimal Classification
Koha item type Books
Holdings
Lost status Source of classification or shelving scheme Damaged status Not for loan Collection code Permanent Location Current Location Shelving location Date acquired Source of acquisition Cost, normal purchase price Total Checkouts Full call number Date last seen Copy number Koha item type
  Dewey Decimal Classification     Non-fiction Central Library, University of Rajshahi Central Library, University of Rajshahi   07/02/1967 Royal book company 26.00   954.7 AZB 1963 24/03/2014 C-4 Books
  Dewey Decimal Classification     Non-fiction Central Library, University of Rajshahi Central Library, University of Rajshahi   07/02/1967 Royal book company 26.00   954.7 AZB 1963 24/03/2014 C-7 Books
  Dewey Decimal Classification     Non-fiction Central Library, University of Rajshahi Central Library, University of Rajshahi   07/02/1967 ROYAL PUB.. 26.00   954.7 AZB 1963 24/03/2014 C-6 Books
  Dewey Decimal Classification     Non-fiction Central Library, University of Rajshahi Central Library, University of Rajshahi   13/10/1966 Royal Book Co 26.00   954.7 AZB 1963 24/03/2014 C-1 Books
  Dewey Decimal Classification     Non-fiction Central Library, University of Rajshahi Central Library, University of Rajshahi   13/10/1966 Royal Book Co 26.00   954.7 AZB 1963 24/03/2014 C-3 Books